Welcome to CU Library Online Public Access Catalogue (OPAC)

Essays on New Testament themes / (Record no. 6842)

MARC details
000 -LEADER
fixed length control field 00669cam a2200217 a 4500
001 - CONTROL NUMBER
control field 2315405
005 - DATE AND TIME OF LATEST TRANSACTION
control field 20250703165602.0
008 - FIXED-LENGTH DATA ELEMENTS--GENERAL INFORMATION
fixed length control field 811022s1982 pau b 001 0 eng
020 ## - INTERNATIONAL STANDARD BOOK NUMBER
International Standard Book Number 0800616294 (pbk.) :
Terms of availability $6.95
020 ## - INTERNATIONAL STANDARD BOOK NUMBER
International Standard Book Number 9780800616298
041 1# - LANGUAGE CODE
Language code of text/sound track or separate title eng
Language code of original ger
050 00 - LIBRARY OF CONGRESS CALL NUMBER
Classification number BS2361.2
Item number .K32 1982
082 00 - DEWEY DECIMAL CLASSIFICATION NUMBER
Classification number 225.6
Edition information 19
100 1# - MAIN ENTRY--PERSONAL NAME
Personal name Käsemann, Ernst.
245 10 - TITLE STATEMENT
Title Essays on New Testament themes /
Statement of responsibility, etc. Ernest Käsemann.
250 ## - EDITION STATEMENT
Edition statement 1st Fortress Press ed.
260 ## - PUBLICATION, DISTRIBUTION, ETC.
Place of publication, distribution, etc. Philadelphia, Pa. :
Name of publisher, distributor, etc. Fortress Press,
Date of publication, distribution, etc. 1982.
300 ## - PHYSICAL DESCRIPTION
Extent 200 p. ;
Dimensions 22 cm.
500 ## - GENERAL NOTE
General note Translation of selections from: Exegetische Versuche und Besinnungen, 2. Bd.
942 ## - ADDED ENTRY ELEMENTS (KOHA)
Source of classification or shelving scheme Library of Congress Classification
Koha item type Books
Suppress in OPAC No
999 ## -
-- 6842
-- 6842
Holdings
Withdrawn status Lost status Source of classification or shelving scheme Damaged status Not for loan Collection Home library Current library Shelving location Date acquired Total checkouts Full call number Barcode Date last seen Copy number Price effective from Koha item type
    Library of Congress Classification     Non-fiction Undergraduate Library (Christ Temple) Undergraduate Library (Christ Temple) General stacks 07/03/2025   BS2361.2 KAS ulct00003686 07/03/2025 1 07/03/2025 Books
© 2023-2024 Copyright: Central University Libraries. All Rights Reserved | Created by: Mahone Tech Office